| 000 | 00758nas a2200229 4500 | ||
|---|---|---|---|
| 001 | BR0700610 | ||
| 003 | BR-BrBNA | ||
| 005 | 20231205110534.0 | ||
| 007 | ta | ||
| 008 | 230509b bl.|||p| |||| 00| 00por d | ||
| 040 |
_aBR-BrBNA _bpor _cBiblioteca Nacional de Agricultura |
||
| 041 | _a(Pt) | ||
| 072 | _aF30 | ||
| 100 | 1 | _aBiondo, E. | |
| 100 | 1 | _aBattistin, A. | |
| 245 | 1 | _aNúmero e morfologia de cromossomos de espécies do gênero Eriosema (DC.)G. Don e Rhynchosia Lour. (Leguminosae)nativas no sul do Brasil | |
| 650 | _aLEGUMINOSAE | ||
| 650 | _aCITOGENÉTICA | ||
| 773 | 0 |
_tPesquisa Agropecuária Gaúcha (Brazil) _xISSN 0104-9070 _g(2006), v. 12(1-2) p. 17-24 _wBR0700610 |
|
| 909 |
_a202311 _bLúcia _c55 _dLúcia Elande |
||
| 942 |
_2AGRIS _n0 _cANA |
||
| 999 |
_c187814 _d187814 |
||